=LDR 00000nam 2200000 4500 =001 INLIS000000000044459 =005 20131008105910 =008 ***********************************Ind** =035 ##$$a0010-101300000002381 =041 ##$$a Ind =082 ##$$a 347.06 =090 ##$$a 347.06 , Per k =100 ##$$a Perempuan, Komnas =245 ##$$a Perlindungan terhadap Saksi dan Korban , Komini Nasional Anti Kekerasan Terhadap Perempuan =260 ##$$a 2009 $b Jakarta =300 ##$$a 120 hlm. , 25 cm =850 ##$$a NBPNMAT =990 ##$$a 0001/BPAP-NTB/20142014